Sčítanie obyvateľov, domov a bytov 2021: Národná analytická správa

Enregistré dans:
Détails bibliographiques
Format: Livre
Langue:slovaque
Publié: Bratislava Štatistický úrad Slovenskej republiky 2023
Sujets:
Tags: Ajouter un tag
Pas de tags, Soyez le premier à ajouter un tag!

MARC

LEADER 00000nam a2200000 4500
001 0306673
005 20251209141707.9
020 |a 978-80-8121-945-0 
020 |a 978-80-8121-937-5 
041 0 |a slo 
044 |a SK 
245 1 0 |a Sčítanie obyvateľov, domov a bytov 2021: Národná analytická správa 
264 1 |a Bratislava  |b Štatistický úrad Slovenskej republiky  |c 2023 
300 |a 262 s. 
610 2 0 |a Slovensko 
610 2 0 |a sčítanie ľudu 
610 2 0 |a obyvateľstvo 
610 2 0 |a demografia 
610 2 0 |a národnosti 
610 2 0 |a domácnosti 
610 2 0 |a fond bytový 
610 2 0 |a byty